000 00744nam a22002177a 4500
003 UA-OsUOA
001 116768
007 ta
008 20160404b un ||||| |||| 00| 0 ukr d
100 _aКазимирова І.
090 _a81
_bК14
942 _cSA
040 _aUA-OsUOA
_bukr
_cUA-OsUOA
_dUA-OsUOA
245 _aУкраїнська лінгвістична термінологія в працях А.Ю. Кримського: традиції і новаторство
300 _aС.3-13
955 _a0
041 _aukr
080 _a81
773 0 _w116767
_tУкраїнська мова
_dК.
_d2016
_g1
650 7 _a8 Мовознавство. Художня література. Літературознавство
_2UDC
999 _c402679
_d402679